000109193 001__ 109193
000109193 005__ 20220104094559.0
000109193 037__ $$aTAZ-TFM-2021-1242
000109193 041__ $$aspa
000109193 1001_ $$aYrache Jiménez, María Pilar
000109193 24200 $$aRepresentations of "modern women" through the Estpampa magazine from 1928 to 1931.
000109193 24500 $$aRepresentaciones de la “mujer moderna” a través de la revista Estampa, de 1928 a 1931.
000109193 260__ $$aZaragoza$$bUniversidad de Zaragoza$$c2021
000109193 506__ $$aby-nc-sa$$bCreative Commons$$c3.0$$uhttp://creativecommons.org/licenses/by-nc-sa/3.0/
000109193 520__ $$aInvestigación sobre la representación de género de la "mujer moderna" en la prensa gráfica española utilizando como fuente la revista Estampa. En este trabajo se pretende valorar y analizar con perspectiva de género la presencia de las mujeres en la revista entre los años 1928 y 1931. La elección de este periodo está motivada por un intento de conocer e investigar cómo se reflejan en la prensa  especialmente en las revistas gráficas, las representaciones de género de la denominada"mujer moderna". El trabajo va encaminado también a valorar con perspectiva crítica la aparición de la mujer en el espacio público, el trabajo, los estudios y las actividades de ocio y deporte que se recogen en un gran número de páginas en esta publicación. Basándome en los comentarios, la preguntas y las respuestas de periodistas y entrevistados, así como los pies de fotos y la selección de imágenes, pretendo valorar hasta qué punto estas presencias, actitudes y nuevas formas de visualización de las mujeres suponen un desafío al orden de género y a la normatividad vigente en el final de los años veinte en nuestro país. <br /><br />
000109193 521__ $$aMáster Universitario en Historia Contemporánea
000109193 540__ $$aDerechos regulados por licencia Creative Commons
000109193 700__ $$aCenarro Lagunas, Angela $$edir.
000109193 7102_ $$aUniversidad de Zaragoza$$bHistoria Moderna y Contemporánea$$cHistoria Contemporánea
000109193 8560_ $$f383893@unizar.es
000109193 8564_ $$s5715539$$uhttps://zaguan.unizar.es/record/109193/files/TAZ-TFM-2021-1242.pdf$$yMemoria (spa)
000109193 909CO $$ooai:zaguan.unizar.es:109193$$pdriver$$ptrabajos-fin-master
000109193 950__ $$a
000109193 951__ $$adeposita:2022-01-04
000109193 980__ $$aTAZ$$bTFM$$cFFYL
000109193 999__ $$a20211109202318.CREATION_DATE